000 00454nam a2200181 a 4500
001 1775634810782
003 YourLibrary
005 20260408132851.0
008 260408s2006##################000#0#eng##
020 _a9780728204942
082 0 4 _a344.20643WAT-1
100 1 _aDenyer-Green, Barry,
_eauthor.
245 1 0 _aEglr 2006 :
260 _bEstate Gazette,
_c2006.
650 0 _aLaw.
942 _cENGLISH
040 _aYourLibrary
_beng
_cYourLibrary
999 _c619163
_d619163